000 00666nam a2200241Ia 4500
005 20250425162830.0
008 250425s9999 xx 000 0 und d
020 _a9781402068096
041 _aeng
044 _adk
082 _a639.8
_pHOL
100 _aHolmer, Marianne
245 0 _aAquaculture In The Ecosystem
_cMarianne Holmer; Kenny Black; Carlos M. Duarte; Nuria Marbá; Ioannis Karakassis
250 _a1A. ED.
260 _aDenmark
_bSPRINGER
_c2008
264 _aDinamarca, ODENSE
_bSPRINGER
_c2008.
300 _a326 Páginas
650 _aACUICULTURA
650 _aECOSISTEMAS
700 _aBLACK, KENNY
942 _c01
010 _a110940
999 _c237355
_d237355